| 000 | 00409nam a2200133Ia 4500 | ||
|---|---|---|---|
| 008 | 220214s9999 xx 000 0 und d | ||
| 100 | _aMarch Gregory C | ||
| 245 | 0 | _aThermodynamic limit to the flocculation stability of sterically stabilized emulsions | |
| 260 |
_bJournal of Colloid and Interface Science _c1977 |
||
| 300 | _a383-87 | ||
| 650 | _aThermodynamics | ||
| 700 | _aNapper Donald H | ||
| 942 | _cRE | ||
| 999 |
_c45594 _d45594 |
||